Le Mexique pour les touristes... - Facile - Statistiques

Statistiques générales
  • Ce quiz a été pris 68 fois
  • Le résultat moyen est 12 sur 20
Statistiques - réponses
Question Indice Réponses Indice facile % Correct
Avez-vous besoin d'un visa ? (oui/non) Non
95%
Quelle est la langue officielle ? Espagnol
94%
La conduite se fait à droite ou à gauche ? Droite
89%
Dans la capitale quel est le décalage horaire avec Paris ? (+ ou - et chiffre) ex - 10 - 8
84%
Achats à faire 5/ Pour la sieste Hamac CAMAH
84%
Achats à faire 1/ Pierre verte Jade DEJA
84%
Le principal aéroport est M Mexico
84%
Combien d'heures (environ) mettrez-vous pour vous y rendre ? (en chiffres) 11
82%
Quelles sont les principaux lieux touristiques ? C Coba BOCA
76%
La vitesse est limitée hors des villes à {110} km/h
69%
Le suffixe internet est mx
69%
Quel est le climat local ? T Tempéré
56%
La religion majoritaire est Catholicisme C
52%
Quelles sont les principaux lieux touristiques ? C I Chichen Itza CATINIEZCHH
52%
Quelle est la monnaie ? Peso mexicain P
50%
Comment se nomme la principale compagnie aérienne locale A Aeromexico EXECRAIMOO
42%
A A Cascades d' {Agua azul} GAULAAUZ
23%
Achats à faire 2/ Statuettes appelées Alebrijes SABLERIEJ
11%
Achats à faire 4/ Chemise pour homme Guayabera BAUGERAYA
10%
Achats à faire 3/ Chasuble Huipil PHUIPLI
8%
Aucun quiz correspondant
Distribution des résultats
% des personnes avec chaque résultat
Percentile par nombre de réponses
Votre historique - résultats
Vous n’avez pas pris ce quiz